Central Library OPAC University of Rajshahi

The romance of the Australian land industries / (Record no. 73489)

MARC details
000 -LEADER
fixed length control field 00674nam a2200217 a 4500
001 - CONTROL NUMBER
control field 73489
003 - CONTROL NUMBER IDENTIFIER
rucl marc code BD-RjUL
005 - DATE AND TIME OF LATEST TRANSACTION
control field 20211209082413.0
008 - FIXED-LENGTH DATA ELEMENTS--GENERAL INFORMATION
fixed length control field 170601s1955 at a 000 0 eng d
035 ## - SYSTEM CONTROL NUMBER
System control number (BD-RjUL)73707
System control number 740944
040 ## - CATALOGING SOURCE
Original cataloging agency NCLN
Language of cataloging eng
Transcribing agency BD-RjUL
Modifying agency NCLN
041 ## - LANGUAGE CODE
Language code of text/sound track or separate title eng
082 04 - DEWEY DECIMAL CLASSIFICATION NUMBER
Classification number 630.994
Edition number 23
Author mark and year WAR 1955
100 1# - MAIN ENTRY--PERSONAL NAME
Personal name Watt, Robert D.
9 (RLIN) 217439
245 14 - TITLE STATEMENT
Title The romance of the Australian land industries /
Statement of responsibility, etc. by Robert D. Watt.
260 ## - PUBLICATION, DISTRIBUTION, ETC. (IMPRINT)
Place of publication, distribution, etc. Sydney :
Name of publisher, distributor, etc. Angus and Robertson,
Date of publication, distribution, etc. 1955.
300 ## - PHYSICAL DESCRIPTION
Pagination viii, 271 p., [17] p. of plates :
Illustrations 16 ill., 7 maps, 3 ports. ;
Size 22 cm.
650 #0 - SUBJECT ADDED ENTRY--TOPICAL TERM
Topical term or geographic name as entry element Agriculture
Geographic subdivision Australia
General subdivision History.
9 (RLIN) 217440
942 ## - ADDED ENTRY ELEMENTS (KOHA)
Source of classification or shelving scheme Dewey Decimal Classification
Koha item type Books
Holdings
Lost status Source of classification or shelving scheme Damaged status Not for loan Collection code Permanent Location Current Location Shelving location Date acquired Source of acquisition Total Checkouts Full call number Date last seen Copy number Koha item type
  Dewey Decimal Classification   Not For Loan Non-fiction Central Library, University of Rajshahi Central Library, University of Rajshahi Reading Room 17/03/1959 Colombo plan   630.994 WAR 1955 01/06/2017 C-1 Books